MARC details
| 000 -CABECERA |
| campo de control de longitud fija |
01192nam a2200241 a 4500 |
| 001 - NÚMERO DE CONTROL |
| campo de control |
000027568 |
| 005 - FECHA Y HORA DE LA ÚLTIMA TRANSACCIÓN |
| campo de control |
20200930030929.0 |
| 008 - DATOS DE LONGITUD FIJA--INFORMACIÓN GENERAL |
| campo de control de longitud fija |
110401s2004 dr 000 0 spa d |
| 040 ## - FUENTE DE LA CATALOGACIÓN |
| Centro catalogador/agencia de origen |
DO-SdBNP |
| Lengua de catalogación |
spa |
| Centro/agencia transcriptor |
BNPHU |
| 082 ## - NÚMERO DE LA CLASIFICACIÓN DECIMAL DEWEY |
| Número de clasificación |
303.4833 |
| Número de documento/Ítem |
M684t |
| 100 1# - ENTRADA PRINCIPAL--NOMBRE DE PERSONA |
| Nombre de persona |
Mitsuteru, Nishio |
| 9 (RLIN) |
54663 |
| 245 10 - MENCIÓN DE TÍTULO |
| Título |
Tecnologías de la información y la comunicación aplicadas al entorno de las organizaciones sin fines de lucro / |
| Mención de responsabilidad, etc. |
Mitsuteru Nishio. |
| 260 ## - PUBLICACIÓN, DISTRIBUCIÓN, ETC. |
| Lugar de publicación, distribución, etc. |
Santo Domingo : |
| Nombre del editor, distribuidor, etc. |
Alianza ONG : |
| -- |
W. K. Kellogg Foundation, |
| Fecha de publicación, distribución, etc. |
2004. |
| 300 ## - DESCRIPCIÓN FÍSICA |
| Extensión |
xiv, 112 p ; |
| Dimensiones |
24 cm. |
| 490 1# - MENCIÓN DE SERIE |
| Mención de serie |
Manuales para el fortalecimiento de organizaciones sin fines de lucro en gestión, marketing y tecnología de la información ; |
| Designación de volumen o secuencia |
10 |
| 504 ## - NOTA DE BIBLIOGRAFÍA, ETC. |
| Nota de bibliografía, etc. |
Bibliografía : p. 110-112. |
| 590 ## - NOTA LOCAL (RLIN) |
| Nota local |
Inventariado, 2018/BT |
| 650 #4 - PUNTO DE ACCESO ADICIONAL DE MATERIA--TÉRMINO DE MATERIA |
| Término de materia o nombre geográfico como elemento de entrada |
Tecnología de la información |
| Subdivisión general |
Manuales |
| 9 (RLIN) |
54664 |
| 650 #4 - PUNTO DE ACCESO ADICIONAL DE MATERIA--TÉRMINO DE MATERIA |
| Término de materia o nombre geográfico como elemento de entrada |
Tecnología de las comunicaciones |
| Subdivisión general |
Manuales |
| 9 (RLIN) |
54665 |
| 650 #4 - PUNTO DE ACCESO ADICIONAL DE MATERIA--TÉRMINO DE MATERIA |
| Término de materia o nombre geográfico como elemento de entrada |
Organizaciones sin ánimo de lucro |
| Subdivisión general |
Innovaciones tecnológicas |
| 9 (RLIN) |
54666 |
| 830 #0 - PUNTO DE ACCESO ADICIONAL DE SERIE-TÍTULO UNIFORME |
| Título uniforme |
Manuales para el fortalecimiento de organizaciones sin Fines de lucro en gestión, marketing y tecnología de la información ; |
| Número de parte o sección de la obra |
10 |
| 9 (RLIN) |
54667 |
| 910 ## - DATOS DE OPCIÓN DEL USUARIO (OCLC) |
| Datos de opción del usuario |
Validado. Control de la calidad. EMS |